00297nam a2200121 450000500170000010000200001724500140003726400360005130000180008733600220010533700240012733800240015120260530113853.01 aMonie Niesewand10aLightning 1bWhitney Library of Designc1999 a176 páginas atexto2rdacontent asin medio2rdamedia avolumen2rdacarrier